| 000 | 00831nam a22002297a 4500 | ||
|---|---|---|---|
| 005 | 20240530110400.0 | ||
| 008 | 150119s2010 ua o a 000 0 ara d | ||
| 017 |
_a2010/2475 _bمصر . دار الكتب المصرية |
||
| 020 | _a9789773043745 | ||
| 040 | _aEG-CaGPL | ||
| 041 | 0 | _aara | |
| 082 | 0 | 4 |
_221 _a813.02 _bط/ ر ف |
| 100 | 0 | _aرانية حسين امين | |
| 245 | 1 | 0 |
_aفرحانة وصديق مختلف حقا / _cتاليف ورسوم رانية حسين امين |
| 260 |
_aالقاهرة : _bدار الياس العصرية للطباعة و النشر ، _c2010 |
||
| 300 |
_aبدون ترقيم : _bصور ؛ _c19 سم |
||
| 650 | 0 | 4 | _aكتب الاطفال |
| 650 | 0 | 4 | _aقصص الاطفال |
| 650 | 0 | 4 | _aثقافة الطفل |
| 942 |
_2ddc _cBK |
||
| 999 |
_c60240 _d60240 |
||